Finaliści pucharów europejskich w piłce nożnej w roku 24/25 - Statystyki

Ogólne statystyki
  • Ten quiz został rozwiązany 46 razy
    22 od ostatniego zresetowania
  • Średni wynik to 5 z 6
Statystyki odpowiedzi
Klub % Poprawnych
Inter Mediolan
95%
Paris Saint Germain
95%
Chelsea
90%
Real Betis
90%
Tottenham
90%
Manchester United
85%
Nie znaleziono quizów pasujących do podanych kryteriów
Rozkład punktacji
Procent ludzi z każdym wynikiem
Percentyl według liczby udzielonych odpowiedzi
Twoja historia wyników
Nie rozwiązałeś tego quizu od ostatniego zresetowania